000 00701nam a22001817a 4500
005 20230905151246.0
010 _aHIN-125816
020 _c200.00
_a9788194761235
035 _aHN-98162
037 _bDBAD/PUB.
082 _a821
100 _aझा, परमेश्वर
_955939
245 _aअञजासा /
_cपरमेश्वर झा
260 _aमधुबनी
_bनवारम्भ
_c2020
270 _bमधुबनी
_e847211
_aश्री भवन वार्ड न 2 निकट राम जानकी मंदिर
_k847211
300 _a96पृ.
_c22 से.मी.(अजिल्द)
942 _2ddc
_cHN
_mझापर
_h821
999 _c197843
_d197843